| 000 | 00800nam a22002657a 4500 | ||
|---|---|---|---|
| 001 | 0074 | ||
| 003 | DO-SdBNP | ||
| 005 | 20180126094611.0 | ||
| 007 | 0074 | ||
| 008 | 151209b mx 1978 ||||| |||| 00| 0 spa d | ||
| 020 | _a9788432206580 | ||
| 040 |
_aBPMSU _bspa _cBPMSU |
||
| 092 |
_axxxxx _bxxxxx |
||
| 100 | 1 | _aSüskind, Patrick | |
| 245 | 1 | 3 |
_aLa historia del señor sommer / _cPatrick Süskind ; ilustraciones Sempé ; traducción Ana Ma. de la Fuente |
| 260 |
_aBarcelona : _bSeix Barral, _c1991. |
||
| 300 |
_a133 p. : _bil., _c19 cm. |
||
| 490 | 1 | _aBiblioteca breve (Seix Barral) | |
| 700 | 1 | 2 |
_aSempé, _eil. |
| 700 | 1 | 2 |
_aFuente, Ana Ma. de la, _etr. |
| 830 | 0 | _pBiblioteca breve (Seix Barral) | |
| 942 |
_2ddc _cBK |
||
| 945 | _aInventariado, 2018/LP | ||
| 956 |
_aBrenda Tavárez _b10 |
||
| 999 |
_c9085 _d9085 |
||